| 000 | 01080nam a22002657a 4500 | ||
|---|---|---|---|
| 003 | OSt | ||
| 005 | 20230412192841.0 | ||
| 008 | 210315s2004 ck a|||br|||| 00| j spa d | ||
| 020 | _a9583321761 | ||
| 040 |
_aCO-JMCR _cCO-JMCR |
||
| 041 | 0 | _aspa | |
| 082 | 0 | 4 |
_aH / _bMORm _223 |
| 100 | 1 |
_aMorales, Margoth, _eautora _936076 |
|
| 245 | 1 | 0 |
_aMisericordia día a día : _bla palabra de Dios para niños / _clibretos Margoth Morales, John F. Valencia ; revisión, Yolanda Chacón ; ilustración, Harold Ortíz Ortíz |
| 250 | _aEdición 22 | ||
| 260 |
_a[Bogotá] : _bCasa de la Misericordia, _c2004 |
||
| 300 |
_a[72] páginas sin numerar : _bilustraciones a color ; _c21 cm. |
||
| 490 | 0 | _aJunior | |
| 500 | _a"Dejad que los niños vengan a mí y no se lo impidáis; porque de los que son como estos es el reino de Dios. Lucas 18,16"--Tapa | ||
| 650 | 1 | 4 |
_aHistorias de la Biblia _xNiños _936077 |
| 700 | 1 |
_aValencia, John F., _eautor _936078 |
|
| 700 | 1 |
_aChacón, Yolanda, _erevisora _936079 |
|
| 700 | 1 |
_aOrtíz Ortíz, Harold, _eilustrador _936080 |
|
| 942 |
_2ddc _cBK |
||
| 999 |
_c15372 _d15372 |
||